banner-ar

الطباع الانسانية والتربية / (Record no. 33916)

MARC details
000 -الفاتح
حقل البيانات ثابتة الطول 00864nam a2200229Ia 4500
005 - وقت وتاريخ اخر تعامل مع التسجيلة
رقم الضبط 20240530102655.0
008 - عناصر البيانات ثابتة الطول - معلومات عامة
حقل البيانات ثابتة الطول 140319s9999 xx 000 0 ara d
040 ## - مصدر الفهرسة
وكالة الفهرسة الأصلية GCL /
وكالة النسخ GCL
082 04 - رقم تصنيف ديوى العشرى
رقم التصنيف 301.543
رقم المادة ب ط
100 1# - المدخل الرئيسى - إسم شخصى
الإسم الشخصى بيير داركو
245 10 - بيان العنوان
العنوان الطباع الانسانية والتربية /
بيان المسئوليه,etc تاليف بيير داركو ؛ ترجمة رعد اسكندر، اركان بيثون
300 ## - الوصف المادى
التعداد 62 ص. ؛
أبعاد الوعاء 16 سم.
490 0# - بيان السلسلة
عنوان السلسلة الانتصارات المذهلة لعلم النفس الحديث.
650 04 - المدخل الاضافى بالموضوع-مصطلح موضوعى
مصطلح موضوعي علم النفس
650 04 - المدخل الاضافى بالموضوع-مصطلح موضوعى
مصطلح موضوعي علم النفس التربوى
650 04 - المدخل الاضافى بالموضوع-مصطلح موضوعى
مصطلح موضوعي علم النفس الاجتماعى
700 0# - المدخل الاضافى - اسم شخصى
الإسم الشخصى رعد اسكندر
الدور مترجم
700 0# - المدخل الاضافى - اسم شخصى
الإسم الشخصى اركان بيثون
الدور مترجم مشارك
942 ## - عناصر المدخل الإضافي( كوها)
مصدر التصنيف او مخطط الترفيف Dewey Decimal Classification
Koha [default] item type كتاب
260 ## - PUBLICATION, DISTRIBUTION, ETC. (IMPRINT)
-- [S.N] :
-- مكتبة التراث الاسلامى
Holdings
حالة التراجع حالة الفقد حالة تلف ليس للاعارة المكان المؤقت الموقع الحالى تاريخ الاكتساب اجمالي اﻻعارات رقم الطلب الباركود تاريخ اخر مشاهدة تاريخ تفعيل السعر نوع وعاء كوها
        مكتبة القاهرة الكبرى مكتبة القاهرة الكبرى 03/26/2014   301.543\ب ط 80537 03/26/2014 03/26/2014 كتاب

Powered By

EGPV